000 00951nam a2200217Ii 4500
003 JO-AjNU
008 230605s9999||||xx |||||||||||||| ||und||
017 _a1997/10/1568
040 _aJO-AjNU
_bara
_erda
_cJO-AjNU
041 _aara
050 1 4 _aDS247.Y48.M87 1998
100 3 _aتأليف مطهر، عبدالكريم بن احمد 1366 هجري - 1947 ميلادي ؛ دراسة وتحقيق محمد عيسى صالحية,
_eauthor
_958341
245 0 0 _aسيرة الامام يحيى بن محمد حميد الدين المسماة كتيبة الحكمة من سيرة امام الامة، ج2
250 _aط1
264 3 1 _aعمان: دار البشير، 1998
300 _a514ص، ج2
_bيحتوي على وثائق ومصادر من ص 453 -514ص
336 _atext
_btxt
_2rdacontent
337 _aunmediated
_bn
_2rdamedia
338 _avolume
_bnc
_2rdacarrier
650 4 _aاليمن - تاريخ - عصر الائمة
_958342
999 _aA26194
_c29762
_d29762